[Event "Regionalliga SW 1314"]
[Site "Bayern"]
[Date "2014.02.23"]
[Round "7.2"]
[White "Schuetz, Guenter"]
[Black "Diehl, Norbert"]
[Result "1-0"]
[WhiteElo "2181"]
[BlackElo "2001"]
[PlyCount "81"]
[EventDate "2013.10.13"]
[EventType "team-tourn"]
[EventRounds "9"]
[EventCountry "GER"]
[SourceTitle "EXT 2015"]
[Source "ChessBase"]
[SourceDate "2014.11.20"]
[SourceVersion "1"]
[SourceVersionDate "2014.11.20"]
[SourceQuality "1"]
[WhiteTeam "Bayern Muenchen III"]
[BlackTeam "Dachau"]
[WhiteTeamCountry "GER"]
[BlackTeamCountry "GER"]

1. f4 d5 2. g3 g6 3. Nf3 Bg7 4. Bg2 Nf6 5. 0-0 0-0 6. d3 c5 7. Qe1 Nc6 8. c3 d4 9. Bd2 Be6 10. Na3 Rb8 11. Nc2 Qb6 12. cxd4 cxd4 13. b3 h6 14. h3 Rbd8 15. Nb4 Nxb4 16. Bxb4 Nd5 17. Ba5 Qd6 18. Bxd8 Rxd8 19. Qa5 Ne3 20. Rfc1 Bd5 21. Qc7 g5 22. Qxd6 Rxd6 23. Rc8+ Kh7 24. fxg5 Nxg2 25. Kxg2 hxg5 26. g4 e5 27. Rac1 Kg6 28. Kg3 e4 29. dxe4 Bxe4 30. Rd1 Bc6 31. h4 gxh4+ 32. Nxh4+ Kh7 33. Nf3 Bf6 34. Rc7 Kg8 35. g5 Bxf3 36. Kxf3 Bxg5 37. Rg1 f6 38. Rxb7 a6 39. Rd1 Be3 40. Ke4 Rc6 41. Rf1 1-0

[Event "Regionalliga SW 1314"]
[Site "Bayern"]
[Date "2013.12.15"]
[Round "4.3"]
[White "Pitschka, Claus"]
[Black "Diehl, Norbert"]
[Result "1/2-1/2"]
[WhiteElo "2130"]
[BlackElo "2001"]
[PlyCount "64"]
[EventDate "2013.10.13"]
[EventType "team-tourn"]
[EventRounds "9"]
[EventCountry "GER"]
[SourceTitle "EXT 2015"]
[Source "ChessBase"]
[SourceDate "2014.11.20"]
[SourceVersion "1"]
[SourceVersionDate "2014.11.20"]
[SourceQuality "1"]
[WhiteTeam "Garching II"]
[BlackTeam "Dachau"]
[WhiteTeamCountry "GER"]
[BlackTeamCountry "GER"]

1. d4 e6 2. e4 d5 3. Nd2 Nf6 4. e5 Nfd7 5. Bd3 c5 6. c3 Nc6 7. Ne2 cxd4 8. cxd4 f6 9. Nf4 Nxd4 10. Qh5+ Ke7 11. Ng6+ hxg6 12. exf6+ Nxf6 13. Qxh8 Kf7 14. Qh4 e5 15. Nf3 Nxf3+ 16. gxf3 Bf5 17. Bxf5 gxf5 18. Bg5 Qa5+ 19. Bd2 Qb5 20. 0-0-0 Ba3 21. Bc3 Rc8 22. Kd2 Bxb2 23. Bxb2 Qxb2+ 24. Ke1 Qc3+ 25. Ke2 Qb2+ 26. Kf1 Qxa2 27. Kg2 Qc4 28. Qg5 Qf4 29. Qxf4 exf4 30. Ra1 a6 31. Rhb1 Rc7 32. Rb6 Nd7 1/2-1/2